| 000 | 00541nam a22001697a 4500 | ||
|---|---|---|---|
| 082 |
_a515.160212 _bNIE _cL-4, P-4 |
||
| 100 |
_aNielsen, Kaj L. _939242 |
||
| 245 | _aLogarithmic and Trigonometric Tables to Five Places | ||
| 260 |
_aNew York. _bBarnes & Nobles, Inc. _c1943 |
||
| 300 |
_axxx, 125p. : _c21cm |
||
| 526 |
_a0 _b0 _c0 _d515_160212000000000_NIE |
||
| 526 |
_a0 _b0 _c0 _d515_160212000000000_NIE |
||
| 526 |
_a0 _b0 _c0 _d515_160212000000000_NIE |
||
| 526 |
_a0 _b0 _c0 _d515_160212000000000_NIE |
||
| 650 |
_aMCE _9379 |
||
| 942 |
_2ddc _cBK |
||
| 999 |
_c543759 _d543759 |
||